| 000 | 00447nmm a2200157Ia 4500 | ||
|---|---|---|---|
| 008 | 251105s9999||||xx |||||||||||||||||und|| | ||
| 020 | _a9791021314115 | ||
| 041 | _aspa | ||
| 100 | _aCruz, Juan de la | ||
| 245 | 0 | _aObras de Juan de la Cruz | |
| 264 |
_a[París, Francia] : _bEdiciones la Biblioteca Digital, _c2012 |
||
| 300 | _a17 páginas | ||
| 650 | _aReligion(s) | ||
| 856 | _uhttps://public.digitaliapublishing.com/a/26318 | ||
| 942 | _cCF | ||
| 999 |
_c98060 _d98060 |
||